| 000 | 01587cam a2200385 i 4500 | ||
|---|---|---|---|
| 001 | 502 | ||
| 005 | 20230509110853.0 | ||
| 008 | 170913r20182018nyua b 000 1 eng c | ||
| 020 | _a9781338114546 (jacketed hardcover : alk. paper) | ||
| 040 |
_aNJQ/DLC _beng _cNJQ _erda _dDLC _dFISKH |
||
| 050 | 0 | 0 |
_aPZ7.1.M6337 _bMag 2018 |
| 082 | 0 | 4 |
_a813.6 _aE _223 |
| 100 | 1 |
_aMitchell, Malcolm, _d1993- _eauthor. |
|
| 245 | 1 | 4 |
_aThe magician's hat / _cwritten by Malcolm Mitchell ; illustrated by Joanne Lew-Vriethoff. |
| 250 | _aFirst edition. | ||
| 300 |
_a16 leaves of plates : _bcolor illustrations ; _c29 cm. |
||
| 500 | _aOriginally published with a different illustrator: Athens, GA : Read with Malcolm, Inc., 2015. | ||
| 505 | _aK | ||
| 520 | _aToday is Family Fun Day at the library, and a magician named David puts on a show with his special trick--having the children pull books out of his tall hat, books that touch their deepest dreams and unlock their hopes for their future. | ||
| 521 |
_a550
_bLexile |
||
| 521 |
_aK
_bRaz-Plus |
||
| 650 | 0 |
_aMagicians _vJuvenile fiction. |
|
| 650 | 0 |
_aMagic tricks _vJuvenile fiction. |
|
| 650 | 0 |
_aBooks and reading _vJuvenile fiction. |
|
| 650 | 0 |
_aLibraries _vJuvenile fiction. |
|
| 650 | 1 |
_aMagicians _vFiction. |
|
| 650 | 1 |
_aMagic tricks _vFiction. |
|
| 650 | 1 |
_aBooks and reading _vFiction. |
|
| 650 | 1 |
_aLibraries _vFiction. |
|
| 650 | 1 | _aYouths' writings. | |
| 655 | 7 |
_aPicture books. _2lcgft |
|
| 700 | 1 |
_aLew-Vriethoff, Joanne, _eillustrator. |
|
| 906 |
_a7 _bcbc _corignew _d1 _eecip _f20 _gy-gencatlg |
||
| 942 |
_2ddc _cBK _n0 |
||
| 999 |
_c502 _d502 |
||